Music Quiz

Random Music or Lyrics Quiz
Score 0/181 Timer 08:00
0 Plays Today
% Correct
I
98.9%
I
98.9%
I
98.9%
I
98.9%
I
98.9%
I
98.9%
I
98.9%
a
98.7%
a
98.7%
a
98.7%
a
98.7%
a
98.7%
a
98.7%
the
98%
the
98%
the
98%
the
98%
the
98%
the
98%
the
98%
summer
97.8%
go
97.1%
go
97.1%
No
96.9%
no
96.9%
no
96.9%
no
96.9%
Blues.
96.3%
Blues.
96.3%
Blues.
96.3%
for
96%
for
96%
for
96%
to
95.8%
to
95.8%
to
95.8%
to
95.8%
to
95.8%
to
95.8%
to
95.8%
to
95.8%
to
95.8%
Summertime
94.7%
Summertime
94.7%
Summertime
94.7%
ain't
94.5%
ain't
94.5%
ain't
94.5%
there
94.1%
there
94.1%
there
94.1%
a-gonna
93.8%
a-gonna
93.8%
a-gonna
93.8%
cure
93.8%
a-gonna
93.8%
cure
93.8%
a-gonna
93.8%
cure
93.8%
do,
93.4%
do,
93.4%
% Correct
do,
93.4%
I'm
93.2%
I'm
93.2%
I'm
93.2%
I'm
93.2%
I'm
93.2%
gonna
93.2%
gonna
93.2%
I'm
93.2%
gonna
93.2%
I'm
93.2%
you
93%
you
93%
you
93%
you
93%
you
93%
you
93%
my
88.1%
my
88.1%
my
88.1%
my
88.1%
my
88.1%
what
87.3%
what
87.3%
what
87.3%
Well,
86.8%
Well,
86.8%
Well,
86.8%
Well,
86.8%
Well,
86.8%
but
86.4%
but
86.4%
but
86.4%
but
86.4%
he
84.6%
son,
83.3%
Son,
83.3%
son,
83.3%
and
82.4%
and
82.4%
and
82.4%
work
82%
work;
82%
work
82%
gotta
81.1%
gotta
81.1%
too
80.2%
you're
80%
said,
79.6%
some
78.5%
take
78%
take
78%
'cause
77.1%
all
76.9%
just
76.7%
try
74.9%
try
74.9%
young
74.7%
dollar.
74.3%
can't
73.8%
vote.
73.2%
% Correct
boss
72.5%
boss
72.5%
raise
72.3%
raise
72.3%
if
72.1%
I'd
71.9%
earn
71.6%
me:
71.2%
have
71.2%
holler
71%
told
70.3%
told
70.3%
wonder
70.1%
wonder
70.1%
wonder
70.1%
United
69.9%
Sometimes
69.2%
Sometimes
69.2%
Nations.
69.2%
Sometimes
69.2%
like
69%
help
69%
car
68.8%
car
68.8%
a-working
67.9%
was
67.9%
congressman
67.5%
late.
67.3%
fuss,
66.4%
want
65.9%
get
65.5%
make
64.2%
money
64%
didn't
62.6%
didn't
62.6%
time
61.8%
Sunday.
60.9%
next
60%
vacation.
59.8%
sick.
59.1%
papa
58%
says:
57.8%
mom
56.7%
use
54.9%
use
54.9%
problem
54.3%
dice
53.4%
date,
51.4%
two
50.8%
a-riding
49.9%
called
49.7%
lick.
49.2%
call
48.8%
weeks,
48.1%
quote:
44.6%
about
44.4%
fine
40.9%
baby
38.9%
Every
37.1%
Remove Ads.
Support Sporcle.
Get the best of Sporcle when you Go Orange. This ad-free experience offers more features, more stats, and more fun while also helping to support Sporcle. Thank you for becoming a member.

You're not logged in!

Compare scores with friends on all Sporcle quizzes.
OR
Log In

Show Comments

Extras

Top Quizzes Today


Score Distribution

Your Account Isn't Verified!

In order to create a playlist on Sporcle, you need to verify the email address you used during registration. Go to your Sporcle Settings to finish the process.

Report this User

Report this user for behavior that violates our Community Guidelines.

Details: